00996 2200349 4500001002100000005001500021035002000036007000300056040001700059100003200076245009200108250001100200300003700211504002900248020002200277041000800299082000800307084001400315090002000329264003900349336002100388337003000409338002300439500002800462650001700490850001000507008004100517990002200558990002200580990002200602990002200624INLIS00000000000812320260529074830 a0010-0922000612ta aSBPUPADbind0 aAgus KristiyantoePengarang1 aRiset Futuristik Keolahragaan :bInspirasi Substansi Dan Metodologi /cAgus Kristiyanto a.-Ed.1 ax,130 hlm :bilus. ;c21 X 26 cm aBibliografi, hlm 127-128 a978-602-262-004-407aind a700 a700 AGU r a700 AGU r L22-6 a.--Yogyakarta :bGraha Ilmu,c2013 2rdacontentateks 2rdamediaatanpa perantara 2rdacarrieravolume aTentang Penulis,hlm 129 4aKeolahragaan aPUPAD260529 0  a28.283/P/DPK/2018 a28.285/P/DPK/2018 a28.286/P/DPK/2018 a28.284/P/DPK/2018